[Event "St Veit op 41st"]
[Site "St Veit"]
[Date "2022.07.09"]
[Round "1"]
[White "Sucher, Johannes"]
[Black "Kerschenbauer, Franz"]
[Result "1-0"]
[WhiteElo "2164"]
[BlackElo "1898"]
[PlyCount "43"]
[EventDate "2022.07.09"]
[EventType "swiss"]
[EventRounds "9"]
[EventCountry "AUT"]
[SourceTitle "CBM 209 Extra"]
[Source "ChessBase"]
[SourceDate "2022.09.30"]
[SourceVersion "1"]
[SourceVersionDate "2022.09.30"]
[SourceQuality "1"]

1. d4 g6 2. e4 Bg7 3. Nc3 d6 4. Bg5 c5 5. Bb5+ Nd7 6. Nf3 a6 7. Be2 cxd4 8. Nxd4 Ngf6 9. Qd2 h6 10. Be3 b5 11. a3 Bb7 12. f3 Nb6 13. 0-0 Kf8 14. Rad1 Kg8 15. e5 Nfd5 16. f4 Nxe3 17. Qxe3 Kh7 18. f5 Nd5 19. Nxd5 Bxd5 20. e6 Bxd4 21. Qxd4 fxe6 22. fxg6+ 1-0

[Event "Bodensee op"]
[Site "Bregenz"]
[Date "2022.05.25"]
[Round "5"]
[White "Kienboeck, Benjamin"]
[Black "Sucher, Johannes"]
[Result "0-1"]
[WhiteElo "2039"]
[BlackElo "2160"]
[PlyCount "68"]
[EventDate "2022.05.21"]
[EventType "swiss"]
[EventRounds "9"]
[EventCountry "AUT"]
[SourceTitle "CBM 208 Extra"]
[Source "ChessBase"]
[SourceDate "2022.07.31"]
[SourceVersion "1"]
[SourceVersionDate "2022.07.31"]
[SourceQuality "1"]

1. e4 Nf6 2. e5 Ng8 3. d4 d6 4. exd6 exd6 5. c4 Nf6 6. Nc3 Be7 7. Nf3 0-0 8. Bd3 d5 9. 0-0 Bg4 10. h3 Bh5 11. Re1 Nc6 12. Be3 Nb4 13. Be2 dxc4 14. Bxc4 Bxf3 15. Qxf3 Nc2 16. Rac1 Nxe1 17. Rxe1 c6 18. Rd1 b5 19. Bd3 b4 20. Ne4 Nd5 21. Bd2 a5 22. Ng3 g6 23. Nf5 Bg5 24. Nh6+ Kg7 25. Nf5+ Kh8 26. Be1 Qf6 27. h4 Bf4 28. Be4 Bc7 29. Bd2 gxf5 30. Bg5 Qg7 31. Qxf5 f6 32. Bc1 Rad8 33. Bb1 Qd7 34. Qc2 f5 0-1

[Event "Bodensee op"]
[Site "Bregenz"]
[Date "2022.05.24"]
[Round "4"]
[White "Sucher, Johannes"]
[Black "Peng, Li Min"]
[Result "0-1"]
[WhiteElo "2160"]
[BlackElo "2506"]
[PlyCount "64"]
[EventDate "2022.05.21"]
[EventType "swiss"]
[EventRounds "9"]
[EventCountry "AUT"]
[SourceTitle "CBM 208 Extra"]
[Source "ChessBase"]
[SourceDate "2022.07.31"]
[SourceVersion "1"]
[SourceVersionDate "2022.07.31"]
[SourceQuality "1"]

1. d4 e6 2. Nf3 c5 3. g3 b6 4. Bg2 Bb7 5. 0-0 Nf6 6. c4 d6 7. dxc5 bxc5 8. Nc3 Be7 9. Qc2 a6 10. Rd1 Qc7 11. Bf4 Nc6 12. Ng5 Nh5 13. Be3 Nd4 14. Qa4+ Kf8 15. Bxb7 Qxb7 16. Rd2 h6 17. Nge4 f5 18. g4 Nf6 19. Nxf6 gxf6 20. Qd1 Rg8 21. Bxh6+ Kf7 22. f3 fxg4 23. Kf2 gxf3 24. exf3 f5 25. Bf4 e5 26. Be3 Bh4+ 27. Kf1 Nxf3 28. Re2 Nd4 29. Nd5 Rg4 30. h3 Rg6 31. Rd2 Bf6 32. Qh5 Rh8 0-1

[Event "Innsbruck op-A 2nd"]
[Site "Innsbruck"]
[Date "2018.08.27"]
[Round "4"]
[White "Karakas, Evrim"]
[Black "Sucher, Johannes"]
[Result "0-1"]
[WhiteElo "2018"]
[BlackElo "2141"]
[PlyCount "74"]
[EventDate "2018.08.24"]
[EventType "swiss"]
[EventRounds "9"]
[EventCountry "AUT"]
[SourceTitle "CBM 186 Extra"]
[Source "ChessBase"]
[SourceDate "2018.08.24"]
[SourceVersion "1"]
[SourceVersionDate "2018.08.24"]
[SourceQuality "1"]

1. Nf3 c6 2. g3 d5 3. Bg2 g6 4. d3 Bg7 5. c3 e5 6. Qc2 f5 7. e4 Ne7 8. Bg5 h6 9. Bxe7 Qxe7 10. Nh4 Qf7 11. exd5 g5 12. Nf3 cxd5 13. Na3 Nc6 14. 0-0-0 0-0 15. Nd2 Be6 16. h4 Rac8 17. Qa4 a6 18. hxg5 hxg5 19. Kb1 b5 20. Qxa6 b4 21. Nb5 bxc3 22. bxc3 Qd7 23. Nb3 Ra8 24. Nc5 Rxa6 25. Nxd7 Ra5 26. c4 Re8 27. Nc5 Bf7 28. Nb7 Ra4 29. N7d6 Rea8 30. a3 e4 31. Nxf5 Rb8 32. Nxg7 dxc4 33. Bxe4 Rxb5+ 34. Kc1 Nd4 35. Nh5 c3 36. Nf6+ Kg7 37. Ng4 Rxa3 0-1

[Event "AUT-chT2W 1718"]
[Site "Austria"]
[Date "2018.01.12"]
[Round "6.4"]
[White "Scheiblmaier, Robert"]
[Black "Sucher, Johannes"]
[Result "1/2-1/2"]
[WhiteElo "2183"]
[BlackElo "2068"]
[PlyCount "108"]
[EventDate "2017.10.13"]
[EventType "team-tourn"]
[EventRounds "11"]
[EventCountry "AUT"]
[SourceTitle "EXT 2019"]
[Source "ChessBase"]
[SourceDate "2018.10.10"]
[SourceVersion "1"]
[SourceVersionDate "2018.10.10"]
[SourceQuality "1"]
[WhiteTeam "Salzburg ASK"]
[BlackTeam "Pradl"]
[WhiteTeamCountry "AUT"]
[BlackTeamCountry "AUT"]

1. d4 d5 2. c4 dxc4 3. Nf3 Nf6 4. e3 e6 5. Bxc4 Be7 6. Nc3 0-0 7. 0-0 b6 8. Qe2 Bb7 9. Rd1 Nbd7 10. b3 Ne4 11. Nxe4 Bxe4 12. Bb2 Bd6 13. Ne5 Qe7 14. f3 Bb7 15. Nxd7 Qxd7 16. Ba6 Bxa6 17. Qxa6 f5 18. Ba3 Rad8 19. Rac1 Bxa3 20. Qxa3 c5 21. dxc5 Qxd1+ 22. Rxd1 Rxd1+ 23. Kf2 bxc5 24. Qxa7 Rf6 25. Qb8+ Kf7 26. Qc7+ Kg6 27. a4 Kh6 28. Qxc5 Rd2+ 29. Kf1 Rg6 30. g3 Rxh2 31. Qe5 Ra2 32. a5 Rf6 33. b4 Kg6 34. f4 Kh5 35. Qc3 Kg4 36. b5 Rh6 37. Qxg7+ Kf3 38. Qb7+ Kxg3 39. a6 Rhh2 40. Qg7+ Kf3 41. Qb7+ Kxe3 42. Qb6+ Kf3 43. Qb7+ Kxf4 44. Qc7+ e5 45. Qc1+ Ke4 46. Qc4+ Kf3 47. Qc3+ Kg4 48. Kg1 Rhe2 49. b6 f4 50. b7 f3 51. b8Q Rg2+ 52. Kf1 Raf2+ 53. Ke1 Re2+ 54. Kf1 Rgf2+ 1/2-1/2

[Event "Innsbruck op-A 1st"]
[Site "Innsbruck"]
[Date "2017.08.28"]
[Round "3"]
[White "Gatterer, Florian"]
[Black "Sucher, Johannes"]
[Result "1-0"]
[WhiteElo "2271"]
[BlackElo "2068"]
[PlyCount "51"]
[EventDate "2017.08.25"]
[EventType "swiss"]
[EventRounds "9"]
[EventCountry "AUT"]
[SourceTitle "CBM 180 Extra"]
[Source "ChessBase"]
[SourceDate "2017.10.06"]
[SourceVersion "1"]
[SourceVersionDate "2017.10.06"]
[SourceQuality "1"]

1. c4 c6 2. Nf3 Nf6 3. Nc3 g6 4. d4 d5 5. cxd5 cxd5 6. Bf4 Nc6 7. e3 Nh5 8. Bg5 h6 9. Bh4 g5 10. Ne5 Nxe5 11. dxe5 Bg7 12. Qxh5 gxh4 13. Bb5+ Bd7 14. e6 0-0 15. Bxd7 Qb6 16. exf7+ Rxf7 17. 0-0 e6 18. Na4 Qd6 19. Nc5 Rxd7 20. Nxd7 Qxd7 21. Qxh4 Bxb2 22. Qg3+ Kh7 23. Rab1 Rg8 24. Qf3 Be5 25. Rfd1 b5 26. Qe4+ 1-0

[Event "AUT-chT2W 1617"]
[Site "Austria"]
[Date "2016.11.25"]
[Round "4.3"]
[White "Sucher, Johannes"]
[Black "Frank, Emanuel"]
[Result "1-0"]
[WhiteElo "2075"]
[BlackElo "2189"]
[PlyCount "65"]
[EventDate "2016.10.28"]
[EventType "team-tourn"]
[EventRounds "11"]
[EventCountry "AUT"]
[SourceTitle "EXT 2018"]
[Source "ChessBase"]
[SourceDate "2017.10.13"]
[SourceVersion "1"]
[SourceVersionDate "2017.10.13"]
[SourceQuality "1"]
[WhiteTeam "Pradl"]
[BlackTeam "Salzburg ASK"]
[WhiteTeamCountry "AUT"]
[BlackTeamCountry "AUT"]

1. d4 Nf6 2. Bg5 e6 3. Nd2 h6 4. Bh4 c5 5. e3 cxd4 6. exd4 Be7 7. Ngf3 b6 8. Bd3 Bb7 9. 0-0 0-0 10. c3 d6 11. Qe2 Nbd7 12. Nc4 Re8 13. Nfd2 Qc7 14. f4 a6 15. Rae1 b5 16. Ne3 Rac8 17. Bb1 Bf8 18. Ng4 Nd5 19. Qd3 g6 20. f5 exf5 21. Rxe8 Rxe8 22. Rxf5 Nc5 23. dxc5 gxf5 24. Qxf5 Bg7 25. Nxh6+ Kf8 26. cxd6 Qb6+ 27. Bf2 Re1+ 28. Nf1 Bxh6 29. Bxb6 Be3+ 30. Bxe3 Nxe3 31. d7 Ke7 32. Qe5+ Kxd7 33. Qxe3 1-0